000 00817nam a22002295i 4500
001 168859
003 ES-MaACL
005 20230906213918.0
008 080616s1995 fr |||| | fre d
020 _a2-07-039249-X
080 _a821.133.1-22"18"
100 1 _aLabiche, Eugène.
_969236
245 1 0 _aBrûlons Voltaire ! et autres pièces en un acte /
_cEugène Labiche ; édition présentée, établie et annotée par Olivier Barrot et Raymond Chirat.
260 _a[Paris] :
_bGallimard,
_c[1995]
300 _a281 p. ;
_c18 cm.
490 1 _aFolio théâtre ;
_v22
700 1 _aBarrot, Olivier.
_9137986
700 1 _aChirat, Raymond.
_9137987
830 0 _aFolio théâtre ;
_v22
_9222771
852 _aES-MaACL
_jE-12195
_9R.190418
_z.- Biblioteca Jacinto Martínez Lacalle
999 _c168859
_d168859